000 01241cam a2200325 i 4500
001 59239
003 Mx-PuUPA
005 20260213122606.0
008 140415s2009 mx ad gr 000 0 spa d
020 _a9789708172332
040 _cMx-PuUPA
_aMx-PuUPA
_bspa
_dMx-PuUPA
_erda
041 0 _aspa
100 1 _aEscamilla Esquivel, Adolfo,
_eautor
_917832
245 1 0 _aMetrología y sus aplicaciones /
_cAdolfo Escamilla Esquivel
250 _aPrimera edición
264 1 _aMéxico, D.F. :
_bGrupo Editorial Patria,
_c2009
300 _axii, 138 páginas :
_bilustraciones, gráficas, diagramas ;
_c25 cm
336 _2rdacontent
_atexto
_btxt
336 _2rdacontent
_aimagen fija
_bsti
337 _2rdamedia
_asin medio
_bn
338 _2rdacarrier
_avolumen
_bnc
500 _aReimpresiones: (Primera, 2013).
650 7 _2armarc
_aMedición
650 7 _2armarc
_aMetrología
942 _2ddc
_cLI
_h530.8
_iE74
999 _c59239
_d59239